Statistiques concernant Sports par lettre - P

Cliquez ici pour prendre le quiz!

Statistiques générales

  • Ce quiz a été pris 135 fois
  • Le résultat moyen est 4 sur 14

Statistiques - réponses

Réponse% Correct
Ping-Pong
60%
Patin à glace
57%
Pétanque
39%
Paddle
38%
Polo
37%
Parachutisme
34%
Patinage artistique
31%
Padel
24%
Plongée
24%
Planche à voile
18%
Paintball
16%
Pole dance
8%
Pêche sportive
7%
Pilates
4%

Distribution des résultats

Percentile par nombre de réponses

% des personnes avec chaque résultat

Votre développement - résultats

Vous n’avez pas pris ce quiz